Speed typing #2 - Statistics

General Stats
  • This quiz has been taken 715 times
  • The average score is 55 of 100
Answer Stats
Answer16 % Correct
1
100%
2
99%
3
98%
4
98%
5
97%
6
97%
7
96%
8
96%
9
95%
10
94%
11
94%
12
91%
13
91%
14
91%
15
89%
21
88%
22
88%
16
87%
17
87%
19
87%
20
87%
18
86%
23
82%
24
82%
26
81%
27
81%
28
81%
29
81%
25
80%
31
80%
30
78%
32
78%
33
75%
34
75%
36
75%
35
74%
37
74%
38
74%
39
74%
40
72%
41
71%
42
68%
43
68%
44
68%
45
66%
46
63%
47
60%
48
60%
50
60%
49
58%
51
58%
52
58%
55
57%
54
54%
53
53%
56
50%
57
48%
58
47%
59
47%
60
46%
61
46%
62
46%
63
43%
66
43%
64
42%
65
39%
67
39%
68
35%
69
35%
70
35%
71
35%
72
32%
73
29%
77
27%
74
26%
75
24%
76
23%
81
22%
80
21%
78
20%
79
20%
82
19%
84
17%
83
16%
88
16%
85
15%
86
15%
87
15%
90
15%
89
13%
99
13%
100
11%
92
11%
93
11%
94
11%
95
11%
91
9%
96
9%
97
9%
98
9%
No matching quizzes found
Score Distribution
Percent of People with Each Score
Percentile by Number Answered
Your Score History
You have not taken this quiz